000 01165nam a2200313 a 4500
001 000113620
003 CHAP
005 20220329144404.0
008 170830s2017 mx sm |||||||spa d
010 _a110081
011 _a111053
040 _cCHAP
090 _aTesis
100 1 _aVázquez Aguilar, Claudia Isabel
_9133069
245 1 0 _aEcología trófica de aves insectívoras emberizidae en un bosque de pinus cembroides (Zucc.) bajo dos condiciones de apertura de dosel
_h[En línea]
_cpor Claudia Isabel Vázquez Aguilar.
260 _aChapingo, Méx. :
_bEl autor,
_c2017.
500 _aPara ver el contenido del material haga clic en la liga
502 _aTesis (Ing. en Recursos Naturales Renovables) -- UACH. Departamento de Suelos
590 _aE5765TAJ
_b05
_c20170830
_lUCH01
_h0932
590 _aE5765TAJ
_b05
_c20170830
_lUCH01
_h0932
650 1 4 _aAves e insectos.
_98689
650 1 4 _aAves
_xAlimentación.
_9132406
650 1 4 _aAves
_xHábitos y conducta.
_98611
650 1 4 _aEcología forestal.
_935176
856 _aFinding aid
_uhttp://10.13.5.2/tesis/sist113620.pdf
_zTeclea aquí
901 _aBK
942 _cTESIS
942 _n0
999 _c110081
_d110081